000 01215nam a2200241Ia 4500
003 OSt
005 20200715170717.0
008 191128s1995 ck ad gr 000 0dspa d
040 _aCO-JMCR
_cCO-JMCR
041 0 _aspa
082 0 4 _a330.9861 /
_bF981c
_223
110 1 _aColombia. Fundación para la Educación Superior y el Desarrollo
_96948
245 1 4 _aThe Colombian economy :
_ba survey structural characteristics, recent reforms, and medium term perspectives /
_cFundación para la Educación Superior y el Desarrollo, Federación Nacional de Cafeteros de Colombia
260 _aBogotá :
_bFundación para la Educación Superior y el Desarrollo : Federación Nacional de Cafeteros de Colombia
_c1995.
300 _a[90] páginas :
_bgráficas a blanco y negro ;
_c28 cm.
500 _aBibliografía páginas 69-71.
505 0 _aExternal sector -- Trade agreements -- Foreign Capital and foreign exchange market -- State reform -- Sectors with prominent perspectives for investment
534 _pTexto en inglés
650 1 4 _aHistoria económica
_97356
650 1 4 _a Comercio
_xHistoria
_zColombia
_97352
711 1 _aFederación Nacional de Cafeteros de Colombia,
_eautor
_97357
942 _2ddc
_cBK
999 _c5609
_d5609